Learn Hindi Through English/ (Record no. 190199)

MARC details
000 -LEADER
fixed length control field 00537nam a22001817a 4500
005 - DATE AND TIME OF LATEST TRANSACTION
control field 20220720124421.0
010 ## - LCCN (DPL NO)
LC control number ENG-133508
020 ## - INTERNATIONAL STANDARD BOOK NUMBER
International Standard Book Number 9788174787062
Terms of availability 80.00
035 ## - SYSTEM CONTROL NUMBER
System control number EN-117040
037 ## - SOURCE OF ACQUISITION
Source of stock number/acquisition DBAD/PUB
082 ## - DEWEY DECIMAL CLASSIFICATION NUMBER
Classification number 491.43
100 ## - MAIN ENTRY--PERSONAL NAME
Personal name Sreedharan, N.
245 ## - TITLE STATEMENT
Title Learn Hindi Through English/
Statement of responsibility, etc N. Sreedharan
260 ## - PUBLICATION, DISTRIBUTION, ETC. (IMPRINT)
Place of publication, distribution, etc Chennai
Name of publisher, distributor, etc Sura Books Pvt. Ltd
Date of publication, distribution, etc 2013
270 ## - ADDRESS
Address 1620, 'j' Block 16th Main Road, Anna Nagar
City Chennai
Postal code 600040
300 ## - PHYSICAL DESCRIPTION
Extent xx, 188p.
Dimensions 21cm(pbk)
942 ## - ADDED ENTRY ELEMENTS (KOHA)
Source of classification or shelving scheme Dewey Decimal Classification
Item type English Books
Classification part 491.43
Call number suffix SRE
Holdings
Withdrawn status Lost status Not for loan Collection code Home library Current library Date acquired Source of acquisition Cost, normal purchase price Full call number Barcode Copy number Cost, replacement price Koha item type
      Non-fiction Bawana Bawana 20/07/2022 DBAD/PUB 80.00 491.43 SRE EN-117040 1 80.00 English Books

© Delhi Public Library
Hit Counter
free hit counter